Catalog

Record Details

Catalog Search



Available copies

  • 0 of 1 copy available at LARL/NWRL Consortium.
  • 0 of 1 copy available at Lake Agassiz Regional Library. (Show preferred library)

Current holds

2 current holds with 1 total copy.

Show Only Available Copies
Location Call Number / Copy Notes Barcode Shelving Location Status Due Date
McIntosh Public Library 641.672 STO (Text) 33500014414684 New On holds shelf -

Record details

  • ISBN: 9781797238272
  • ISBN: 1797238272
  • Physical Description: 112 pages : illustrations ; 22 cm
  • Publisher: San Francisco : Chronicle Books, [2026]

Content descriptions

General Note:
Includes index.
Formatted Contents Note:
Introduction -- A brief history of butter -- How ... Read More
Summary, etc.:
"In this charming kitchen companion, discover ... Read More
Subject: Cooking (Butter)
Butter.
Genre: Cookbooks.
LDR 03143cam a2200625 i 4500
001485978
003LARL_NWRL_CONSORTIUM
00520260610153723.0
008250618t20262026caua 001 0 eng
010 . ‡a 2025027540
040 . ‡aDLC ‡beng ‡erda ‡cDLC ‡dYDX ‡dBDX ‡dIG# ‡dOCLCO ‡dUKMGB ‡dOCLCO ‡dLE# ‡dCLE ‡dHQC ‡dBKL ‡dCHILD
015 . ‡aGBC5E1115 ‡2bnb
0167 . ‡a300654875 ‡2Uk
020 . ‡a9781797238272 ‡qhardcover
020 . ‡a1797238272 ‡qhardcover
0248 . ‡aCIPO000315426
035 . ‡a(OCoLC)1527216150
042 . ‡apcc
08200. ‡a641.6/72 ‡223/eng/20250702
1001 . ‡aStockwell, Anna, ‡eauthor. ‡4aut ‡4http://id.loc.gov/vocabulary/relators/aut ‡1http://id.loc.gov/rwo/agents/no2022063064
24514. ‡aThe butter book / ‡cAnna Stockwell.
264 1. ‡aSan Francisco : ‡bChronicle Books, ‡c[2026]
264 4. ‡c©2026
300 . ‡a112 pages : ‡billustrations ; ‡c22 cm
334 . ‡asingle unit ‡bmono ‡0http://id.loc.gov/vocabulary/issuance/mono
336 . ‡atext ‡btxt ‡2rdacontent ‡0http://id.loc.gov/vocabulary/contentTypes/txt
336 . ‡astill image ‡bsti ‡2rdacontent ‡0http://id.loc.gov/vocabulary/contentTypes/sti
337 . ‡aunmediated ‡bn ‡2rdamedia ‡0http://id.loc.gov/vocabulary/mediaTypes/n
338 . ‡avolume ‡bnc ‡2rdacarrier ‡0http://id.loc.gov/vocabulary/carriers/nc
353 . ‡aindex ‡bindex ‡0http://id.loc.gov/vocabulary/msupplcont/index
500 . ‡aIncludes index.
520 . ‡a"In this charming kitchen companion, discover butter's curious history, collectible butter accessories, tips for buying butter, fun ways to serve it, and its ability to transform the most humble foods-hot porridge, a pot of rice-into something revelatory"-- Provided by publisher.
5050 . ‡aIntroduction -- A brief history of butter -- How to make butter -- A world of butter accessories -- Butter buying 101 -- A dozen and one things a bit of butter instantly makes better -- How to make clarified butter -- How to make compound butter -- How to make whipped butter -- Butter sculptures and other fun ways to serve butter -- Butter boards for easy entertaining -- Ten favorite recipes that depend on butter.
650 0. ‡aCooking (Butter) ‡0(LARL_NWRL_CONSORTIUM)37350
650 0. ‡aButter. ‡0(LARL_NWRL_CONSORTIUM)15614
655 7. ‡aCookbooks. ‡2lcgft ‡0(LARL_NWRL_CONSORTIUM)175846
758 . ‡1http://id.loc.gov/resources/instances/24253356
758 . ‡4http://id.loc.gov/ontologies/bibframe/instanceOf ‡1http://id.loc.gov/resources/works/24253356
884 . ‡aDLC bibframe2marc v2.10-dev ‡g20250702 ‡qDLC ‡uhttps://github.com/lcnetdev/bibframe2marc/releases/tag/v2.10-dev
901 . ‡a485978 ‡bOCoLC ‡c485978 ‡tbiblio ‡sIngram On-Order

Additional Resources